Missa purificationis Beatae Virginis Mariae Litaniae lauretanae "Consolatrix afflictorum" /

Hlavní autor: Zelenka, Jan Dismas, 1679-1745
Korporativní autor: Ensemble Inégal
Další autoři: Viktora, Adam, 1973-, Viktorová-Eibenová, Gabriela, 1972-, Blažíková, Hana, 1980-, Březina, Jaroslav, 1968-, Zelenka, Jan Dismas, 1679-1745.
Vydáno: Praha : Nibiru, p2007
Témata:
Fyzický popis: 1 zvuková deska (61:27) : digital, stereo ; 12 cm + 1 brožura (19 s.)
Zvukové nahrávky
Uloženo v:
LEADER 02531njm a2200505 a 4500
001 000915907
003 CZ BrMZK
005 20231026145526.0
007 sd fsngnnmmned
008 081008s2007 xr ||n ? ef d
024 1 |a 8595056601476 
028 3 1 |a 0147-2211  |b Nibiru 
040 |a BOA001  |b cze 
041 0 |d lat  |g cze  |g eng  |g ger  |g fre 
047 |a ms  |a cc 
048 |b va02  |b vc01  |b vd01  |b vf01  |a ca01  |a ob01 
072 7 |a 783  |x Církevní hudba. Duchovní hudba. Náboženská hudba  |2 Konspekt  |9 9 
080 |a 783.21:78.087.684  |2 MRF 
080 |a 783.26:78.087.684  |2 MRF 
080 |a (086.76)  |2 MRF 
100 1 |a Zelenka, Jan Dismas,  |d 1679-1745  |7 jn19990010036  |4 cmp 
240 1 0 |a Missa Purificationis Beatae Virginis Mariae 
245 1 0 |a Missa purificationis Beatae Virginis Mariae  |h [zvukový záznam] ;  |b Litaniae lauretanae "Consolatrix afflictorum" /  |c Jan Dismas Zelenka 
260 |a Praha :  |b Nibiru,  |c p2007 
300 |a 1 zvuková deska (61:27) :  |b digital, stereo ;  |c 12 cm +  |e 1 brožura (19 s.) 
306 |a 010127 
500 |a Světová premiéra nahrávky mše "Očišťování Panny Marie" na CD 
500 |a Obě skladby pro sóla (SATB), smíšený sbor (SATB) a orchestr 
500 |a Kompaktní deska (DDD) 
500 |a Prameny a poznámka (Václav Kapsa) v brožuře česky, anglicky, německy a francouzsky 
505 0 |a Missa purificationis. Kyrie ; Gloria ; Credo ; Sanctus ; Benedictus ; Agnus Dei -- Litanie lauretanae. Kyrie ; Pater de Coelis ; Sancta Maria ; Agnus Dei I ; Agnus Dei II 
511 1 |a Ensemble Inégal, Adam Viktora, dirigent ; Gabriela Eibenová, Hana Blažíková, soprán ; Jaroslav Březina, tenor ; Petra Noskaiová, alt ; Tomáš Král, bas 
518 |a Nahráno 1.-4.9.2007 v Praze v kostele Panny Marie pod řetězem na Malé Straně 
650 0 4 |a mše (zpěv (5), smíšený sbor, orchestr) 
650 0 4 |a litanie (smíšený sbor, orchestr) 
655 7 |a kompaktní desky  |7 fd201991  |2 czenas 
700 1 |a Viktora, Adam,  |d 1973-  |7 ola2002145214  |4 cnd 
700 1 |a Viktorová-Eibenová, Gabriela,  |d 1972-  |7 jn20020903060  |4 sng 
700 1 |a Blažíková, Hana,  |d 1980-  |7 pna2006312047  |4 sng 
700 1 |a Březina, Jaroslav,  |d 1968-  |7 jn20020903019  |4 sng 
700 1 2 |a Zelenka, Jan Dismas,  |d 1679-1745.  |t Litaniae Lauretanae Consolatrix afflictorum  |7 aun2008443721 
710 2 |a Ensemble Inégal  |7 ko2004233462 
910 |a BOA001  |b CD-0014.851 
990 |a AV 
996 6 |b 261H016491  |c CD-0014.851  |l MZK  |r Sklad / do 24 hodin  |n 0  |w 000915907  |u 000010  |a 1  |e BOA001  |j MZK50  |s P